Ancient to modern : (Record no. 25348)

MARC details
000 -LEADER
fixed length control field 01372cam a2200385 a 4500
001 - CONTROL NUMBER
control field 15629687
003 - CONTROL NUMBER IDENTIFIER
control field BDDh-ASL
005 - DATE AND TIME OF LATEST TRANSACTION
control field 20231015030459.0
008 - FIXED-LENGTH DATA ELEMENTS--GENERAL INFORMATION
fixed length control field 090218s2009 ii a b 000 0 eng d
010 ## - LIBRARY OF CONGRESS CONTROL NUMBER
LC control number 2009341314
020 ## - INTERNATIONAL STANDARD BOOK NUMBER
International Standard Book Number 9780195696622 (hbk.)
020 ## - INTERNATIONAL STANDARD BOOK NUMBER
International Standard Book Number 019569662X (hbk.)
025 ## - OVERSEAS ACQUISITION NUMBER
Overseas acquisition number I-E-2009-341314; 56-92
035 ## - SYSTEM CONTROL NUMBER
System control number (OCoLC)ocn302183130
035 ## - SYSTEM CONTROL NUMBER
System control number (OCoLC)302183130
037 ## - SOURCE OF ACQUISITION
Stock number Library of Congress -- New Delhi Overseas Office
Terms of availability Rs750.00
040 ## - CATALOGING SOURCE
Original cataloging agency EQO
Transcribing agency EQO
Modifying agency BWX
-- DKAGE
-- DLC
-- BDDh-ASL
042 ## - AUTHENTICATION CODE
Authentication code lccopycat
-- lcode
050 00 - LIBRARY OF CONGRESS CALL NUMBER
Classification number BL2015.S6
Item number A53 2009
082 04 - DEWEY DECIMAL CLASSIFICATION NUMBER
Classification number 200.954
Edition number 22
Item number ANC
245 00 - TITLE STATEMENT
Title Ancient to modern :
Remainder of title religion, power, and community in India /
Statement of responsibility, etc. edited by Ishita Banerjee-Dube, Saurabh Dube.
260 ## - PUBLICATION, DISTRIBUTION, ETC.
Place of publication, distribution, etc. New Delhi ;
-- Oxford :
Name of publisher, distributor, etc. Oxford University Press,
Date of publication, distribution, etc. 2009.
300 ## - PHYSICAL DESCRIPTION
Extent x, 388 p. :
Other physical details ill. ;
Dimensions 23 cm.
504 ## - BIBLIOGRAPHY, ETC. NOTE
Bibliography, etc. note Includes bibliographical references.
650 #0 - SUBJECT ADDED ENTRY--TOPICAL TERM
Topical term or geographic name entry element Religion and sociology
Geographic subdivision India.
650 #0 - SUBJECT ADDED ENTRY--TOPICAL TERM
Topical term or geographic name entry element Religion in literature.
650 #0 - SUBJECT ADDED ENTRY--TOPICAL TERM
Topical term or geographic name entry element Identity (Psychology)
General subdivision Religious aspects.
651 #0 - SUBJECT ADDED ENTRY--GEOGRAPHIC NAME
Geographic name India
General subdivision Religion.
700 1# - ADDED ENTRY--PERSONAL NAME
Personal name Banerjee-Dube, Ishita.
700 1# - ADDED ENTRY--PERSONAL NAME
Personal name Dube, Saurabh.
856 41 - ELECTRONIC LOCATION AND ACCESS
Materials specified Table of contents only
Uniform Resource Identifier <a href="http://www.loc.gov/catdir/toc/fy0903/2009341314.html">http://www.loc.gov/catdir/toc/fy0903/2009341314.html</a>
906 ## - LOCAL DATA ELEMENT F, LDF (RLIN)
a 7
b cbc
c copycat
d 3
e ncip
f 20
g y-gencatlg
942 ## - ADDED ENTRY ELEMENTS (KOHA)
Source of classification or shelving scheme Dewey Decimal Classification
Koha item type Books
Holdings
Withdrawn status Lost status Source of classification or shelving scheme Damaged status Not for loan Collection code Home library Current library Shelving location Date acquired Source of acquisition Total Checkouts Full call number Barcode Date last seen Copy number Price effective from Koha item type
    Dewey Decimal Classification     Non-fiction Asiatic Society Library Asiatic Society Library Sirajul Islam Collection 07/13/2021 Donated by Professor Sirajul Islam, FRHS   200.954 ANC 110096 07/13/2021 C-1 07/13/2021 Books

Powered by Koha